[Event "April 9 Early 2024"]
[Site "Chess.com"]
[Date "2024.04.09"]
[Round "5"]
[White "Collins, Adam"]
[Black "Arabidze, Meri"]
[Result "0-1"]
[Board "93"]
[WhiteFideId "2512300"]
[BlackFideId "13604040"]
[WhiteTitle "CM"]
[BlackTitle "IM"]
[WhiteElo "2503"]
[BlackElo "2680"]
[WhiteTeam "IRL"]
[BlackTeam "GEO"]
[WhiteClock "0:00:57"]
[BlackClock "0:00:08"]
[Variant "Standard"]

1. Nf3 {[%clk 0:03:00]}  Nf6 {[%clk 0:02:59]} 2. e3 {[%clk 0:03:01]}  b6 {[%clk 0:02:58]} 3. b3 {[%clk 0:03:01]}  Bb7 {[%clk 0:02:59]} 4. Be2 {[%clk 0:03:02]}  g6 {[%clk 0:02:59]} 5. Bb2 {[%clk 0:03:02]}  Bg7 {[%clk 0:03:00]} 6. O-O {[%clk 0:03:03]}  O-O {[%clk 0:03:00]} 7. d4 {[%clk 0:03:03]}  c5 {[%clk 0:03:00]} 8. c4 {[%clk 0:03:03]}  cxd4 {[%clk 0:03:00]} 9. Nxd4 {[%clk 0:03:03]}  Nc6 {[%clk 0:02:57]} 10. Bf3 {[%clk 0:03:00]}  Qc8 {[%clk 0:02:56]} 11. Nc3 {[%clk 0:02:58]}  Nxd4 {[%clk 0:02:56]} 12. Bxb7 {[%clk 0:02:55]}  Qxb7 {[%clk 0:02:56]} 13. Qxd4 {[%clk 0:02:55]}  Ne4 {[%clk 0:02:37]} 14. Qd3 {[%clk 0:02:40]}  d6 {[%clk 0:02:28]} 15. Rad1 {[%clk 0:02:39]}  a6 {[%clk 0:02:23]} 16. Qc2 {[%clk 0:02:35]}  Nxc3 {[%clk 0:02:13]} 17. Bxc3 {[%clk 0:02:36]}  Bxc3 {[%clk 0:02:13]} 18. Qxc3 {[%clk 0:02:36]}  b5 {[%clk 0:02:14]} 19. Rc1 {[%clk 0:02:33]}  Rfc8 {[%clk 0:02:10]} 20. Qd3 {[%clk 0:02:32]}  b4 {[%clk 0:02:08]} 21. Qd5 {[%clk 0:02:28]}  Qb6 {[%clk 0:02:06]} 22. Rc2 {[%clk 0:02:24]}  Ra7 {[%clk 0:02:02]} 23. e4 {[%clk 0:02:18]}  Rc5 {[%clk 0:02:02]} 24. Qd4 {[%clk 0:02:17]}  Qc7 {[%clk 0:01:54]} 25. Re2 {[%clk 0:02:15]}  a5 {[%clk 0:01:53]} 26. f4 {[%clk 0:02:14]}  f6 {[%clk 0:01:33]} 27. e5 {[%clk 0:02:11]}  dxe5 {[%clk 0:01:25]} 28. fxe5 {[%clk 0:02:11]}  f5 {[%clk 0:01:13]} 29. e6 {[%clk 0:02:06]}  Ra6 {[%clk 0:01:09]} 30. g4 {[%clk 0:02:04]}  Qd6 {[%clk 0:00:55]} 31. Qe3 {[%clk 0:01:47]}  fxg4 {[%clk 0:00:28]} 32. Qf2 {[%clk 0:01:47]}  Rf5 {[%clk 0:00:25]} 33. Qh4 {[%clk 0:01:40]}  Rxf1+ {[%clk 0:00:23]} 34. Kxf1 {[%clk 0:01:40]}  Ra8 {[%clk 0:00:20]} 35. Qxg4 {[%clk 0:01:38]}  Rf8+ {[%clk 0:00:19]} 36. Kg2 {[%clk 0:01:30]}  Rf5 {[%clk 0:00:19]} 37. Qe4 {[%clk 0:01:24]}  Qd1 {[%clk 0:00:14]} 38. h4 {[%clk 0:01:09]}  Qf1+ {[%clk 0:00:13]} 39. Kh2 {[%clk 0:01:07]}  Rf3 {[%clk 0:00:10]} 40. Re1 {[%clk 0:00:57]}  Rh3# {[%clk 0:00:08]} 0-1

[Event "April 9 Early 2024"]
[Site "Chess.com"]
[Date "2024.04.09"]
[Round "5"]
[White "Janaszak, Dawid"]
[Black "Evdokimov, Alexey"]
[Result "1-0"]
[Board "97"]
[WhiteFideId "1119206"]
[BlackFideId "24162450"]
[WhiteTitle "FM"]
[BlackTitle "FM"]
[WhiteElo "2653"]
[BlackElo "2347"]
[WhiteTeam "POL"]
[BlackTeam "RUS"]
[WhiteClock "0:00:33"]
[BlackClock "0:00:00"]
[Variant "Standard"]

1. e4 {[%clk 0:03:00]}  e6 {[%clk 0:02:59]} 2. b3 {[%clk 0:02:59]}  d5 {[%clk 0:03:00]} 3. Bb2 {[%clk 0:03:00]}  dxe4 {[%clk 0:02:59]} 4. Nc3 {[%clk 0:03:00]}  Nf6 {[%clk 0:02:59]} 5. Qe2 {[%clk 0:03:00]}  Nbd7 {[%clk 0:02:59]} 6. O-O-O {[%clk 0:02:59]}  b6 {[%clk 0:02:59]} 7. Nxe4 {[%clk 0:02:58]}  Bb7 {[%clk 0:02:58]} 8. Ng5 {[%clk 0:02:50]}  h6 {[%clk 0:02:57]} 9. N5f3 {[%clk 0:02:47]}  Bd6 {[%clk 0:02:54]} 10. Kb1 {[%clk 0:02:40]}  a5 {[%clk 0:02:51]} 11. a4 {[%clk 0:02:40]}  Qe7 {[%clk 0:02:50]} 12. Nd4 {[%clk 0:02:38]}  O-O {[%clk 0:02:45]} 13. Ngf3 {[%clk 0:02:30]}  Ba3 {[%clk 0:02:42]} 14. Ba1 {[%clk 0:02:29]}  c5 {[%clk 0:02:38]} 15. Nb5 {[%clk 0:02:29]}  c4 {[%clk 0:02:16]} 16. Qxc4 {[%clk 0:02:29]}  Rac8 {[%clk 0:02:16]} 17. Qf4 {[%clk 0:02:22]}  Be4 {[%clk 0:02:09]} 18. d3 {[%clk 0:02:18]}  Bh7 {[%clk 0:02:09]} 19. Be2 {[%clk 0:02:01]}  Nd5 {[%clk 0:02:08]} 20. Qg3 {[%clk 0:01:57]}  N7f6 {[%clk 0:02:08]} 21. Ne5 {[%clk 0:01:50]}  Rc5 {[%clk 0:01:47]} 22. Nxa3 {[%clk 0:01:47]}  Rfc8 {[%clk 0:01:45]} 23. Nec4 {[%clk 0:01:45]}  b5 {[%clk 0:01:33]} 24. Nxb5 {[%clk 0:01:42]}  Rxb5 {[%clk 0:01:33]} 25. axb5 {[%clk 0:01:43]}  a4 {[%clk 0:01:33]} 26. Qd6 {[%clk 0:01:40]}  Qb7 {[%clk 0:01:28]} 27. Qa6 {[%clk 0:01:34]}  Qe7 {[%clk 0:01:18]} 28. Qxa4 {[%clk 0:01:16]}  Nd7 {[%clk 0:01:18]} 29. Qa3 {[%clk 0:01:10]}  Qg5 {[%clk 0:00:57]} 30. Bf3 {[%clk 0:01:10]}  N7b6 {[%clk 0:00:48]} 31. Nxb6 {[%clk 0:01:05]}  Nxb6 {[%clk 0:00:49]} 32. Qa6 {[%clk 0:01:05]}  Qc5 {[%clk 0:00:47]} 33. Rc1 {[%clk 0:01:02]}  e5 {[%clk 0:00:39]} 34. Rhe1 {[%clk 0:00:58]}  e4 {[%clk 0:00:37]} 35. Bxe4 {[%clk 0:00:57]}  Bxe4 {[%clk 0:00:37]} 36. Rxe4 {[%clk 0:00:57]}  Ra8 {[%clk 0:00:38]} 37. Rc4 {[%clk 0:00:48]}  Qxf2 {[%clk 0:00:23]} 38. Qb7 {[%clk 0:00:40]}  Qe3 {[%clk 0:00:17]} 39. Bb2 {[%clk 0:00:36]}  Rd8 {[%clk 0:00:14]} 40. Re4 {[%clk 0:00:34]}  Qf2 {[%clk 0:00:13]} 41. Bd4 {[%clk 0:00:33]}  Rxd4 {[%clk 0:00:12]} 42. Qxb6 {[%clk 0:00:33]}  Rxe4 {[%clk 0:00:00]} 43. Qxf2 {[%clk 0:00:33]} 1-0

[Event "April 9 Early 2024"]
[Site "Chess.com"]
[Date "2024.04.09"]
[Round "5"]
[White "Puranik, Abhimanyu"]
[Black "Karamsetty, Jeevan"]
[Result "1-0"]
[Board "99"]
[WhiteFideId "5061245"]
[BlackFideId "2025337"]
[WhiteTitle "GM"]
[BlackTitle "FM"]
[WhiteElo "2898"]
[BlackElo "2545"]
[WhiteTeam "IND"]
[BlackTeam "USA"]
[WhiteClock "0:00:21"]
[BlackClock "0:00:02"]
[Variant "Standard"]

1. c4 {[%clk 0:02:52]}  g6 {[%clk 0:02:59]} 2. Nc3 {[%clk 0:02:53]}  Bg7 {[%clk 0:02:59]} 3. g3 {[%clk 0:02:53]}  d6 {[%clk 0:03:00]} 4. Bg2 {[%clk 0:02:54]}  Nf6 {[%clk 0:03:00]} 5. Nf3 {[%clk 0:02:52]}  O-O {[%clk 0:03:01]} 6. O-O {[%clk 0:02:53]}  c6 {[%clk 0:03:01]} 7. d4 {[%clk 0:02:48]}  Bf5 {[%clk 0:03:02]} 8. Nh4 {[%clk 0:02:39]}  Be6 {[%clk 0:03:01]} 9. b3 {[%clk 0:02:36]}  d5 {[%clk 0:02:56]} 10. cxd5 {[%clk 0:02:29]}  cxd5 {[%clk 0:02:50]} 11. Nf3 {[%clk 0:02:23]}  Nc6 {[%clk 0:02:48]} 12. Bb2 {[%clk 0:02:20]}  Rc8 {[%clk 0:02:42]} 13. Rc1 {[%clk 0:02:19]}  h6 {[%clk 0:02:38]} 14. Ne5 {[%clk 0:02:12]}  Nxe5 {[%clk 0:02:34]} 15. dxe5 {[%clk 0:02:12]}  Ng4 {[%clk 0:02:31]} 16. Nxd5 {[%clk 0:01:49]}  Rxc1 {[%clk 0:02:30]} 17. Bxc1 {[%clk 0:01:49]}  Nxe5 {[%clk 0:02:26]} 18. Ba3 {[%clk 0:01:47]}  Nc6 {[%clk 0:02:17]} 19. Qd2 {[%clk 0:01:45]}  Qd7 {[%clk 0:02:04]} 20. Rd1 {[%clk 0:01:39]}  Bxd5 {[%clk 0:01:45]} 21. Qxd5 {[%clk 0:01:34]}  Qc8 {[%clk 0:01:37]} 22. Qc4 {[%clk 0:01:30]}  Rd8 {[%clk 0:01:23]} 23. Rc1 {[%clk 0:01:21]}  Rd2 {[%clk 0:01:03]} 24. Bxc6 {[%clk 0:01:17]}  bxc6 {[%clk 0:00:56]} 25. Bxe7 {[%clk 0:01:16]}  Rxa2 {[%clk 0:00:55]} 26. Rd1 {[%clk 0:01:14]}  Qf5 {[%clk 0:00:46]} 27. g4 {[%clk 0:00:39]}  Qe6 {[%clk 0:00:23]} 28. Rd8+ {[%clk 0:00:37]}  Kh7 {[%clk 0:00:23]} 29. Qxe6 {[%clk 0:00:37]}  fxe6 {[%clk 0:00:24]} 30. e3 {[%clk 0:00:35]}  g5 {[%clk 0:00:20]} 31. Rd6 {[%clk 0:00:34]}  Rb2 {[%clk 0:00:11]} 32. Rxe6 {[%clk 0:00:32]}  Rxb3 {[%clk 0:00:12]} 33. Rxc6 {[%clk 0:00:32]}  Rb7 {[%clk 0:00:13]} 34. Bf6 {[%clk 0:00:30]}  Bf8 {[%clk 0:00:12]} 35. Bd4 {[%clk 0:00:29]}  a5 {[%clk 0:00:11]} 36. Ra6 {[%clk 0:00:29]}  Bb4 {[%clk 0:00:11]} 37. Kg2 {[%clk 0:00:29]}  Rf7 {[%clk 0:00:10]} 38. Ra8 {[%clk 0:00:26]}  Rc7 {[%clk 0:00:10]} 39. f4 {[%clk 0:00:24]}  gxf4 {[%clk 0:00:09]} 40. exf4 {[%clk 0:00:25]}  Rc4 {[%clk 0:00:09]} 41. Be5 {[%clk 0:00:25]}  Kg6 {[%clk 0:00:09]} 42. Ra7 {[%clk 0:00:24]}  Rc2+ {[%clk 0:00:06]} 43. Kf3 {[%clk 0:00:23]}  Bf8 {[%clk 0:00:04]} 44. h4 {[%clk 0:00:20]}  h5 {[%clk 0:00:04]} 45. f5+ {[%clk 0:00:20]}  Kh6 {[%clk 0:00:02]} 46. g5# {[%clk 0:00:21]} 1-0

[Event "April 9 Early 2024"]
[Site "Chess.com"]
[Date "2024.04.09"]
[Round "5"]
[White "Mekhitarian, Krikor Sevag"]
[Black "Valle Luis, Leo"]
[Result "1-0"]
[Board "101"]
[WhiteFideId "2107660"]
[BlackFideId "54577187"]
[WhiteTitle "GM"]
[BlackTitle "FM"]
[WhiteElo "2851"]
[BlackElo "2543"]
[WhiteTeam "BRA"]
[BlackTeam "ESP"]
[WhiteClock "0:00:28"]
[BlackClock "0:00:11"]
[Variant "Standard"]

1. Nf3 {[%clk 0:03:00]}  c5 {[%clk 0:02:58]} 2. c4 {[%clk 0:03:01]}  g6 {[%clk 0:02:55]} 3. d4 {[%clk 0:03:00]}  cxd4 {[%clk 0:02:55]} 4. Nxd4 {[%clk 0:03:01]}  Bg7 {[%clk 0:02:56]} 5. e4 {[%clk 0:03:01]}  Nc6 {[%clk 0:02:55]} 6. Be3 {[%clk 0:03:01]}  d6 {[%clk 0:02:51]} 7. Nc3 {[%clk 0:03:01]}  Nf6 {[%clk 0:02:51]} 8. Be2 {[%clk 0:02:59]}  O-O {[%clk 0:02:50]} 9. O-O {[%clk 0:02:55]}  a6 {[%clk 0:02:41]} 10. Kh1 {[%clk 0:02:51]}  Nxd4 {[%clk 0:02:38]} 11. Bxd4 {[%clk 0:02:49]}  Be6 {[%clk 0:02:37]} 12. f4 {[%clk 0:02:45]}  Rc8 {[%clk 0:02:36]} 13. b3 {[%clk 0:02:43]}  Qd7 {[%clk 0:02:18]} 14. Rc1 {[%clk 0:02:30]}  Rfd8 {[%clk 0:01:45]} 15. a4 {[%clk 0:02:28]}  Bg4 {[%clk 0:01:32]} 16. Bb6 {[%clk 0:01:50]}  Bxe2 {[%clk 0:01:27]} 17. Qxe2 {[%clk 0:01:51]}  Rf8 {[%clk 0:01:22]} 18. e5 {[%clk 0:01:47]}  dxe5 {[%clk 0:01:15]} 19. fxe5 {[%clk 0:01:44]}  Ng4 {[%clk 0:01:08]} 20. Nd5 {[%clk 0:01:08]}  Nxe5 {[%clk 0:01:00]} 21. Bd4 {[%clk 0:01:06]}  Nc6 {[%clk 0:00:52]} 22. Bxg7 {[%clk 0:01:04]}  Kxg7 {[%clk 0:00:53]} 23. Nb6 {[%clk 0:01:00]}  Qc7 {[%clk 0:00:37]} 24. Nxc8 {[%clk 0:00:50]}  Rxc8 {[%clk 0:00:37]} 25. b4 {[%clk 0:00:47]}  e5 {[%clk 0:00:28]} 26. b5 {[%clk 0:00:38]}  Nd4 {[%clk 0:00:28]} 27. Qe3 {[%clk 0:00:31]}  Qe7 {[%clk 0:00:20]} 28. Rfe1 {[%clk 0:00:28]}  f6 {[%clk 0:00:11]} 29. Qxd4 {[%clk 0:00:28]} 1-0

[Event "April 9 Early 2024"]
[Site "Chess.com"]
[Date "2024.04.09"]
[Round "5"]
[White "Antoniou, Rafail"]
[Black "Klukin, Kirill"]
[Result "0-1"]
[Board "102"]
[WhiteFideId "5904390"]
[BlackFideId "24199273"]
[WhiteTitle "CM"]
[BlackTitle "IM"]
[WhiteElo "2542"]
[BlackElo "2837"]
[WhiteTeam "CYP"]
[BlackTeam "RUS"]
[WhiteClock "0:00:06"]
[BlackClock "0:00:09"]
[Variant "Standard"]

1. c4 {[%clk 0:03:00]}  Nf6 {[%clk 0:02:57]} 2. Nf3 {[%clk 0:03:00]}  g6 {[%clk 0:02:57]} 3. Nc3 {[%clk 0:03:01]}  Bg7 {[%clk 0:02:58]} 4. e4 {[%clk 0:03:01]}  O-O {[%clk 0:02:57]} 5. d4 {[%clk 0:03:02]}  d6 {[%clk 0:02:58]} 6. Be2 {[%clk 0:03:02]}  Na6 {[%clk 0:02:58]} 7. Be3 {[%clk 0:03:03]}  e5 {[%clk 0:02:59]} 8. O-O {[%clk 0:03:03]}  Ng4 {[%clk 0:02:58]} 9. Bg5 {[%clk 0:03:03]}  Qe8 {[%clk 0:02:59]} 10. h3 {[%clk 0:03:00]}  f6 {[%clk 0:02:59]} 11. Bc1 {[%clk 0:02:57]}  Nh6 {[%clk 0:02:59]} 12. dxe5 {[%clk 0:02:56]}  dxe5 {[%clk 0:02:59]} 13. c5 {[%clk 0:02:53]}  Nxc5 {[%clk 0:02:35]} 14. Nd5 {[%clk 0:02:47]}  Ne6 {[%clk 0:02:32]} 15. Bc4 {[%clk 0:02:44]}  Nf7 {[%clk 0:02:30]} 16. Be3 {[%clk 0:02:39]}  c6 {[%clk 0:02:26]} 17. Nc3 {[%clk 0:02:35]}  Qe7 {[%clk 0:02:26]} 18. Qe2 {[%clk 0:02:32]}  Bh6 {[%clk 0:02:09]} 19. Bxh6 {[%clk 0:02:24]}  Nxh6 {[%clk 0:02:08]} 20. Nd5 {[%clk 0:02:21]}  cxd5 {[%clk 0:02:04]} 21. exd5 {[%clk 0:02:22]}  Nf7 {[%clk 0:02:04]} 22. dxe6 {[%clk 0:02:21]}  Bxe6 {[%clk 0:02:05]} 23. Bxe6 {[%clk 0:02:20]}  Qxe6 {[%clk 0:02:05]} 24. Rac1 {[%clk 0:02:14]}  Rac8 {[%clk 0:02:04]} 25. b3 {[%clk 0:02:10]}  Rxc1 {[%clk 0:02:00]} 26. Rxc1 {[%clk 0:02:11]}  Rc8 {[%clk 0:02:00]} 27. Rd1 {[%clk 0:02:00]}  Kg7 {[%clk 0:02:00]} 28. Nd4 {[%clk 0:01:58]}  Qb6 {[%clk 0:01:56]} 29. Qg4 {[%clk 0:01:55]}  Re8 {[%clk 0:01:34]} 30. Nf5+ {[%clk 0:01:42]}  Kf8 {[%clk 0:01:32]} 31. Ne3 {[%clk 0:01:16]}  Rd8 {[%clk 0:01:31]} 32. Nd5 {[%clk 0:01:12]}  Qc6 {[%clk 0:01:11]} 33. Qb4+ {[%clk 0:00:55]}  Kg7 {[%clk 0:01:07]} 34. Qc4 {[%clk 0:00:31]}  Qxc4 {[%clk 0:00:52]} 35. bxc4 {[%clk 0:00:32]}  b6 {[%clk 0:00:53]} 36. Rc1 {[%clk 0:00:29]}  Ng5 {[%clk 0:00:47]} 37. Nc7 {[%clk 0:00:22]}  Rd7 {[%clk 0:00:44]} 38. Na6 {[%clk 0:00:20]}  Kf7 {[%clk 0:00:16]} 39. c5 {[%clk 0:00:20]}  bxc5 {[%clk 0:00:17]} 40. Rxc5 {[%clk 0:00:18]}  Ne4 {[%clk 0:00:16]} 41. Ra5 {[%clk 0:00:18]}  Rd1+ {[%clk 0:00:16]} 42. Kh2 {[%clk 0:00:18]}  Nxf2 {[%clk 0:00:16]} 43. Nc5 {[%clk 0:00:18]}  e4 {[%clk 0:00:13]} 44. Rxa7+ {[%clk 0:00:18]}  Ke8 {[%clk 0:00:13]} 45. Ne6 {[%clk 0:00:17]}  Rd6 {[%clk 0:00:09]} 46. Nc7+ {[%clk 0:00:11]}  Kf8 {[%clk 0:00:08]} 47. Ra8+ {[%clk 0:00:09]}  Kf7 {[%clk 0:00:08]} 48. Ra7 {[%clk 0:00:09]}  Rd7 {[%clk 0:00:09]} 49. Kg3 {[%clk 0:00:08]}  Nd3 {[%clk 0:00:08]} 50. Nb5 {[%clk 0:00:07]}  Rxa7 {[%clk 0:00:06]} 51. Nxa7 {[%clk 0:00:08]}  Ke6 {[%clk 0:00:06]} 52. Nb5 {[%clk 0:00:09]}  Ke5 {[%clk 0:00:06]} 53. a4 {[%clk 0:00:09]}  Nc5 {[%clk 0:00:07]} 54. a5 {[%clk 0:00:10]}  f5 {[%clk 0:00:08]} 55. Nc7 {[%clk 0:00:09]}  f4+ {[%clk 0:00:08]} 56. Kf2 {[%clk 0:00:10]}  Kd6 {[%clk 0:00:07]} 57. Nb5+ {[%clk 0:00:10]}  Kc6 {[%clk 0:00:07]} 58. Nc3 {[%clk 0:00:10]}  g5 {[%clk 0:00:07]} 59. g3 {[%clk 0:00:10]}  Kd6 {[%clk 0:00:05]} 60. h4 {[%clk 0:00:07]}  h6 {[%clk 0:00:05]} 61. hxg5 {[%clk 0:00:07]}  hxg5 {[%clk 0:00:05]} 62. gxf4 {[%clk 0:00:08]}  gxf4 {[%clk 0:00:06]} 63. a6 {[%clk 0:00:07]}  Nxa6 {[%clk 0:00:04]} 64. Nxe4+ {[%clk 0:00:07]}  Ke5 {[%clk 0:00:04]} 65. Nd2 {[%clk 0:00:08]}  Nc5 {[%clk 0:00:04]} 66. Nf3+ {[%clk 0:00:08]}  Kf5 {[%clk 0:00:04]} 67. Nd4+ {[%clk 0:00:09]}  Kg4 {[%clk 0:00:04]} 68. Ne2 {[%clk 0:00:09]}  Ne4+ {[%clk 0:00:05]} 69. Ke1 {[%clk 0:00:07]}  f3 {[%clk 0:00:04]} 70. Nd4 {[%clk 0:00:07]}  f2+ {[%clk 0:00:04]} 71. Kf1 {[%clk 0:00:07]}  Kg3 {[%clk 0:00:04]} 72. Nf5+ {[%clk 0:00:07]}  Kf3 {[%clk 0:00:04]} 73. Nd4+ {[%clk 0:00:05]}  Kf4 {[%clk 0:00:03]} 74. Ke2 {[%clk 0:00:05]}  Kg3 {[%clk 0:00:03]} 75. Nf5+ {[%clk 0:00:04]}  Kg2 {[%clk 0:00:04]} 76. Ne3+ {[%clk 0:00:04]}  Kg1 {[%clk 0:00:04]} 77. Kf3 {[%clk 0:00:04]}  Nd2+ {[%clk 0:00:04]} 78. Ke2 {[%clk 0:00:05]}  Nc4 {[%clk 0:00:04]} 79. Nf1 {[%clk 0:00:04]}  Kg2 {[%clk 0:00:04]} 80. Ng3 {[%clk 0:00:01]}  Kxg3 {[%clk 0:00:03]} 81. Kf1 {[%clk 0:00:02]}  Ne3+ {[%clk 0:00:03]} 82. Ke2 {[%clk 0:00:03]}  f1=Q+ {[%clk 0:00:04]} 83. Kxe3 {[%clk 0:00:04]}  Qf3+ {[%clk 0:00:05]} 84. Kd4 {[%clk 0:00:05]}  Kf4 {[%clk 0:00:05]} 85. Kc5 {[%clk 0:00:05]}  Qe4 {[%clk 0:00:06]} 86. Kd6 {[%clk 0:00:06]}  Qd3+ {[%clk 0:00:06]} 87. Kc6 {[%clk 0:00:07]}  Ke5 {[%clk 0:00:07]} 88. Kc5 {[%clk 0:00:08]}  Qd6+ {[%clk 0:00:07]} 89. Kb5 {[%clk 0:00:08]}  Qc7 {[%clk 0:00:08]} 90. Ka4 {[%clk 0:00:09]}  Qb8 {[%clk 0:00:08]} 91. Ka5 {[%clk 0:00:09]}  Kd5 {[%clk 0:00:08]} 92. Ka4 {[%clk 0:00:06]}  Kc4 {[%clk 0:00:09]} 0-1

[Event "April 9 Early 2024"]
[Site "Chess.com"]
[Date "2024.04.09"]
[Round "5"]
[White "Ferey, Antonin"]
[Black "Bardyk, Artem"]
[Result "0-1"]
[Board "103"]
[WhiteFideId "36051454"]
[BlackFideId "34349979"]
[WhiteTitle "CM"]
[BlackTitle "CM"]
[WhiteElo "2543"]
[BlackElo "2836"]
[WhiteTeam "FRA"]
[BlackTeam "RUS"]
[WhiteClock "0:00:00"]
[BlackClock "0:00:21"]
[Variant "Standard"]

1. e4 {[%clk 0:02:59]}  d5 {[%clk 0:02:59]} 2. exd5 {[%clk 0:02:59]}  Qxd5 {[%clk 0:03:00]} 3. Nc3 {[%clk 0:02:58]}  Qe5+ {[%clk 0:03:00]} 4. Qe2 {[%clk 0:02:56]}  Qxe2+ {[%clk 0:03:00]} 5. Bxe2 {[%clk 0:02:54]}  c6 {[%clk 0:03:01]} 6. Nf3 {[%clk 0:02:55]}  Nf6 {[%clk 0:03:01]} 7. O-O {[%clk 0:02:55]}  Bf5 {[%clk 0:03:01]} 8. d3 {[%clk 0:02:55]}  h6 {[%clk 0:03:01]} 9. h3 {[%clk 0:02:53]}  e6 {[%clk 0:02:50]} 10. Bf4 {[%clk 0:02:53]}  Nbd7 {[%clk 0:02:50]} 11. Rfe1 {[%clk 0:02:53]}  O-O-O {[%clk 0:02:47]} 12. g4 {[%clk 0:02:50]}  Bh7 {[%clk 0:02:45]} 13. Bg3 {[%clk 0:02:47]}  Bb4 {[%clk 0:02:40]} 14. a3 {[%clk 0:02:45]}  Ba5 {[%clk 0:02:40]} 15. Bf1 {[%clk 0:02:41]}  Bc7 {[%clk 0:02:40]} 16. Bxc7 {[%clk 0:02:39]}  Kxc7 {[%clk 0:02:41]} 17. Bg2 {[%clk 0:02:36]}  Rhe8 {[%clk 0:02:40]} 18. Ne5 {[%clk 0:02:31]}  Nxe5 {[%clk 0:02:40]} 19. Rxe5 {[%clk 0:02:32]}  Rd4 {[%clk 0:02:32]} 20. Rae1 {[%clk 0:02:30]}  Red8 {[%clk 0:02:32]} 21. R5e2 {[%clk 0:02:23]}  a5 {[%clk 0:02:28]} 22. Ne4 {[%clk 0:02:19]}  Bxe4 {[%clk 0:02:23]} 23. Bxe4 {[%clk 0:02:19]}  b5 {[%clk 0:02:17]} 24. c3 {[%clk 0:02:17]}  R4d6 {[%clk 0:02:16]} 25. d4 {[%clk 0:02:17]}  Nxe4 {[%clk 0:02:10]} 26. Rxe4 {[%clk 0:02:18]}  Rd5 {[%clk 0:02:09]} 27. f4 {[%clk 0:02:17]}  c5 {[%clk 0:01:40]} 28. dxc5 {[%clk 0:02:14]}  Rxc5 {[%clk 0:01:41]} 29. Kf2 {[%clk 0:02:11]}  Kc6 {[%clk 0:01:37]} 30. R1e2 {[%clk 0:02:01]}  a4 {[%clk 0:01:30]} 31. Ke3 {[%clk 0:01:55]}  Rcd5 {[%clk 0:01:20]} 32. Rd4 {[%clk 0:01:55]}  Kc5 {[%clk 0:01:04]} 33. Rc2 {[%clk 0:01:50]}  g5 {[%clk 0:00:52]} 34. fxg5 {[%clk 0:01:48]}  hxg5 {[%clk 0:00:52]} 35. Rxd5+ {[%clk 0:01:44]}  Rxd5 {[%clk 0:00:51]} 36. Rf2 {[%clk 0:01:41]}  f5 {[%clk 0:00:51]} 37. gxf5 {[%clk 0:01:41]}  exf5 {[%clk 0:00:49]} 38. Rg2 {[%clk 0:01:41]}  f4+ {[%clk 0:00:47]} 39. Ke4 {[%clk 0:01:40]}  Kc4 {[%clk 0:00:46]} 40. Rh2 {[%clk 0:01:17]}  Rd8 {[%clk 0:00:37]} 41. Kf5 {[%clk 0:01:04]}  Rf8+ {[%clk 0:00:20]} 42. Kxg5 {[%clk 0:01:04]}  f3 {[%clk 0:00:20]} 43. Rf2 {[%clk 0:00:00]}  Kd3 {[%clk 0:00:21]} 0-1

[Event "April 9 Early 2024"]
[Site "Chess.com"]
[Date "2024.04.09"]
[Round "5"]
[White "Leiva, Gianmarco"]
[Black "Kaliakhmet, Elnaz"]
[Result "0-1"]
[Board "106"]
[WhiteFideId "3804399"]
[BlackFideId "13730169"]
[WhiteTitle "IM"]
[BlackTitle "WFM"]
[WhiteElo "2787"]
[BlackElo "2537"]
[WhiteTeam "PER"]
[BlackTeam "KAZ"]
[WhiteClock "0:00:00"]
[BlackClock "0:00:16"]
[Variant "Standard"]

1. e4 {[%clk 0:02:47]}  c5 {[%clk 0:02:59]} 2. Nf3 {[%clk 0:02:47]}  Nc6 {[%clk 0:02:59]} 3. Bb5 {[%clk 0:02:48]}  Nf6 {[%clk 0:02:58]} 4. Nc3 {[%clk 0:02:48]}  Qc7 {[%clk 0:02:58]} 5. O-O {[%clk 0:02:48]}  Nd4 {[%clk 0:02:58]} 6. Re1 {[%clk 0:02:48]}  a6 {[%clk 0:02:56]} 7. Bf1 {[%clk 0:02:49]}  e5 {[%clk 0:02:57]} 8. Nd5 {[%clk 0:02:41]}  Nxd5 {[%clk 0:02:50]} 9. exd5 {[%clk 0:02:41]}  Nxf3+ {[%clk 0:02:51]} 10. Qxf3 {[%clk 0:02:39]}  d6 {[%clk 0:02:51]} 11. c3 {[%clk 0:02:33]}  Be7 {[%clk 0:02:50]} 12. d4 {[%clk 0:02:33]}  O-O {[%clk 0:02:42]} 13. dxe5 {[%clk 0:02:21]}  dxe5 {[%clk 0:02:42]} 14. Qg3 {[%clk 0:02:15]}  Bd6 {[%clk 0:02:42]} 15. c4 {[%clk 0:02:07]}  f5 {[%clk 0:02:40]} 16. Qc3 {[%clk 0:01:15]}  e4 {[%clk 0:02:28]} 17. g3 {[%clk 0:01:15]}  Bd7 {[%clk 0:02:28]} 18. f4 {[%clk 0:01:12]}  exf3 {[%clk 0:02:17]} 19. Qxf3 {[%clk 0:01:12]}  f4 {[%clk 0:02:16]} 20. g4 {[%clk 0:01:12]}  Rae8 {[%clk 0:02:11]} 21. Bd2 {[%clk 0:01:11]}  Qc8 {[%clk 0:02:11]} 22. h3 {[%clk 0:01:11]}  b5 {[%clk 0:02:08]} 23. Rxe8 {[%clk 0:01:06]}  Qxe8 {[%clk 0:02:07]} 24. Re1 {[%clk 0:01:06]}  Qf7 {[%clk 0:02:02]} 25. b3 {[%clk 0:01:01]}  b4 {[%clk 0:02:02]} 26. Bd3 {[%clk 0:00:59]}  Qf6 {[%clk 0:01:57]} 27. Bc1 {[%clk 0:00:54]}  Qc3 {[%clk 0:01:53]} 28. Kf1 {[%clk 0:00:37]}  a5 {[%clk 0:01:46]} 29. Qe4 {[%clk 0:00:30]}  g6 {[%clk 0:01:46]} 30. Qf3 {[%clk 0:00:31]}  a4 {[%clk 0:01:46]} 31. Be4 {[%clk 0:00:25]}  Qd4 {[%clk 0:01:33]} 32. Qd3 {[%clk 0:00:20]}  Qf6 {[%clk 0:01:31]} 33. Bf3 {[%clk 0:00:18]}  Qh4 {[%clk 0:01:29]} 34. Ke2 {[%clk 0:00:13]}  Re8+ {[%clk 0:01:24]} 35. Be4 {[%clk 0:00:11]}  h5 {[%clk 0:01:09]} 36. Kd1 {[%clk 0:00:09]}  hxg4 {[%clk 0:01:08]} 37. Rg1 {[%clk 0:00:07]}  Qf2 {[%clk 0:01:04]} 38. Rf1 {[%clk 0:00:05]}  Qg3 {[%clk 0:00:40]} 39. Qxg3 {[%clk 0:00:05]}  fxg3 {[%clk 0:00:40]} 40. Bxg6 {[%clk 0:00:06]}  Ra8 {[%clk 0:00:34]} 41. h4 {[%clk 0:00:02]}  axb3 {[%clk 0:00:33]} 42. axb3 {[%clk 0:00:02]}  Ra2 {[%clk 0:00:30]} 43. Bc2 {[%clk 0:00:02]}  g2 {[%clk 0:00:15]} 44. Rg1 {[%clk 0:00:02]}  g3 {[%clk 0:00:16]} 45. Rxg2 {[%clk 0:00:02]}  Bh3 {[%clk 0:00:16]} 46. Rd2 {[%clk 0:00:01]}  g2 {[%clk 0:00:16]} 47. Rxg2+ {[%clk 0:00:00]}  Bxg2 {[%clk 0:00:16]} 0-1